[Event "TUR Cup										"]
[Site "Antalya"]
[Date "2018.02.01"]
[Round "8"]
[White "Saglam, Yakup"]
[Black "Kayan, Veli"]
[Result "0-1"]
[WhiteElo "1625"]
[BlackElo "1890"]
[PlyCount "66"]
[EventDate "2018.01.27"]
[EventType "swiss"]
[EventRounds "11"]
[EventCountry "TUR"]
[SourceTitle "CBM 182 Extra"]
[Source "ChessBase"]
[SourceDate "2018.02.23"]
[SourceVersion "1"]
[SourceVersionDate "2018.02.23"]
[SourceQuality "1"]

1. Nf3 Nf6 2. g3 b5 3. Bg2 Bb7 4. d3 d5 5. Nbd2 e6 6. 0-0 Nbd7 7. c4 a6 8. a4 bxc4 9. dxc4 Bb4 10. Nd4 c5 11. Nc2 Ba5 12. Nb3 Bc7 13. Na3 Rb8 14. Qc2 d4 15. e3 Bxg2 16. Kxg2 Qc8 17. Nd2 dxe3 18. fxe3 h5 19. Nf3 Qb7 20. Kg1 Ne5 21. Qg2 Ne4 22. b3 Nxf3+ 23. Qxf3 Be5 24. Ra2 f5 25. Bb2 Qc7 26. Qd1 h4 27. Bxe5 Qxe5 28. Rg2 hxg3 29. Qf3 gxh2+ 30. Kh1 Rxb3 31. Nb1 Rb2 32. Rxb2 Qxb2 33. Qf4 Rh3 0-1

[Event "TUR Cup										"]
[Site "Antalya"]
[Date "2018.01.30"]
[Round "5"]
[White "Yakar, Azat"]
[Black "Saglam, Yakup"]
[Result "0-1"]
[WhiteElo "1279"]
[BlackElo "1625"]
[PlyCount "114"]
[EventDate "2018.01.27"]
[EventType "swiss"]
[EventRounds "11"]
[EventCountry "TUR"]
[SourceTitle "CBM 182 Extra"]
[Source "ChessBase"]
[SourceDate "2018.02.23"]
[SourceVersion "1"]
[SourceVersionDate "2018.02.23"]
[SourceQuality "1"]

1. d4 d5 2. c4 e6 3. Nc3 Nf6 4. cxd5 exd5 5. Bg5 Be7 6. e3 h6 7. Bh4 c6 8. Bd3 Nbd7 9. Qc2 0-0 10. Nf3 Re8 11. a4 Ne4 12. Bxe7 Qxe7 13. 0-0 Ndf6 14. h3 Nxc3 15. bxc3 Ne4 16. c4 dxc4 17. Bxc4 Nd6 18. Bd3 Qf6 19. Kh2 Bf5 20. Bxf5 Nxf5 21. Rfc1 Re7 22. Kg1 Rae8 23. Ne5 Nh4 24. Kh1 Qg5 25. Rg1 f6 26. Nd3 Qf5 27. a5 Kh8 28. Ne1 Re4 29. a6 b6 30. Ra2 c5 31. dxc5 bxc5 32. Ra5 R8e5 33. Rb5 Qc8 34. Rb7 Re7 35. Rxe7 Rxe7 36. Qc4 Ng6 37. Nd3 Re6 38. Ra1 Rc6 39. Ra5 Ne5 40. Nxe5 fxe5 41. Ra1 Qe6 42. Qe4 Rxa6 43. Qa8+ Kh7 44. Qe4+ Qg6 45. Qxg6+ Rxg6 46. Rxa7 Rc6 47. Ra3 g5 48. g4 e4 49. Rc3 c4 50. Kg2 Kg6 51. f3 Kf6 52. fxe4 Ke5 53. Kf3 Rc8 54. Rc1 c3 55. Rc2 Rc7 56. Ke2 Kxe4 57. Kf2 Kd3 0-1